Najpopularniejsze imiona męskie w krajach Europejskich - Statystyki

Ogólne statystyki
  • Ten quiz został rozwiązany 165 razy
  • Średni wynik to 3 z 25
Statystyki odpowiedzi
Kraj Najpopularniejsze imię męskie % Poprawnych
Polska Piotr
65%
Irlandia Jack
40%
Wielka Brytania (Szkocja) Jack
40%
Czechy Jakub
24%
Wielka Brytania (Irlandia Płn.) James
22%
Holandia Daan
17%
Norwegia Lukas
15%
Dania William
15%
Szwecja William
15%
Słowenia Luka
14%
Islandia Alexander
13%
Portugalia João
8%
Francja Gabriel
6%
Hiszpania Hugo
6%
Włochy Leonardo
6%
Belgia Liam
6%
Austria Maximilian
6%
Niemcy Maximilian
6%
Wielka Brytania (Anglia i Walia) Oliver
6%
Węgry Bence
3%
Litwa Jonas
3%
Finlandia Juhani
3%
Szwajcaria Noah
3%
Turcja Yusuf
3%
Ukraina Matwij
2%
Nie znaleziono quizów pasujących do podanych kryteriów
Rozkład punktacji
Procent ludzi z każdym wynikiem
Percentyl według liczby udzielonych odpowiedzi
Twoja historia wyników
Nie rozwiązałeś tego quizu